| 000 | 00618nmm a2200193Ia 4500 | ||
|---|---|---|---|
| 008 | 251105s9999||||xx |||||||||||||||||und|| | ||
| 041 | _aspa | ||
| 100 | _aFriedman, Lawrence J. | ||
| 245 | 0 |
_aLos rostros de Erich Fromm : _b Una biografía |
|
| 264 |
_a[México D.C., Mexico] : _bFondo de Cultura Económica, _c2016 |
||
| 300 | _a415 páginas | ||
| 490 | _aPsicología, Psiquiatría y Psicoanálisis | ||
| 650 | _aBiography | ||
| 700 | _aFriedman, Lawrence J. | ||
| 700 | 1 | _a Schreiber, Anke M. | |
| 700 | 1 | _a García Cortés, Leticia | |
| 856 | _uhttps://public.digitaliapublishing.com/a/64780 | ||
| 942 | _cCF | ||
| 999 |
_c65648 _d65648 |
||